| 000 | 00990nam a2200253Ia 4500 | ||
|---|---|---|---|
| 001 | 7085 | ||
| 003 | GE_BSU | ||
| 008 | 181216s||||||||xx |||||||||||||| ||und|| | ||
| 020 | _a9789994042791. | ||
| 040 | _cGE_BSU | ||
| 080 | _a087.5:599.74 | ||
| 100 | _aსეიდენსტიკერი, ჯონ; ლამპკინი, სუზან. | ||
| 245 | _aმტაცებლები. | ||
| 245 | _cმთარგმნ.ნინო ბელთაძე;რედ:ლია შარვაშიძე;ეკეტერინე სუმბათაშვილი. | ||
| 250 | _a(ეს სამყაროა,ISSN1987-8125). | ||
| 260 | _aთბილისი. | ||
| 260 | _bპალიტრა L. | ||
| 260 | _c2010. | ||
| 300 | _a64გვ;ილ;27სმ. | ||
| 300 | _bლექსიკონი:გვ.62-63.სახელთა საძიებელი;გვ.64. | ||
| 541 | _h15ლ. | ||
| 653 | _aმტაცებლები. | ||
| 942 | _cBK | ||
| 999 |
_c40474 _d40474 |
||